000 00773nam a22002057a 4500
999 _c9981
_d9981
003 AR-CdUCM
008 190329b ||||| |||| 00| 0 spa d
040 _aMUNICIPALIDAD PROVINCIAL DEL CUSCO
_cBIBLIOTECA MUNICIPAL DEL CUSCO
082 _a985.512 /
_bES87 / 1936
100 _aEspinosa Bravo, Clodoaldo Alberto
_926555
245 _aFacetas de jauja :
_bPrologo del economista DR. Emilio Romero, Catedratica en la facultad de ciencias economicas de la Universidad de San Marcos /
260 _aJauja :
_bCasa Editora Carlos E. Sanguinetti,
_c1936
300 _a248 paginas ;
_c21 cm.
505 _aContenido: Emilio romero -- monografia sintetica
650 _aJauja
_918027
650 _aPerĂº
_935
650 _aLiteratura
_983
942 _2ddc
_cLIBROS
945 _apjha